| 000 | 01451cam a2200133 4500500 | ||
|---|---|---|---|
| 005 | 20251214005325.0 | ||
| 041 | _afre | ||
| 042 | _adc | ||
| 100 | 1 | 0 |
_aRouanet, Sylvain _eauthor |
| 245 | 0 | 0 | _aDans la peau d'un athlète |
| 260 |
_bArmand Colin,
_c2013. |
||
| 520 | _aDe la douleur des entraînements à l’extase parfois ressentie en compétition, le monde des athlètes est fait de sensations extrêmes.Les heures passées à souffrir en salle de sport, dans les bassins de natation ou sur les tapis de lutte, n’ont pas pour seul effet de se forger un corps d’athlète ; elles permettent aussi aux sportifs de développer des capacités sensorielles hors du commun : comment un lutteur peut-il remporter une finale malgré une luxation d’épaule ? Quel plaisir un nageur éprouve-t-il à parcourir plus de 100 kilomètres par semaine, au détriment de toute vie sociale ? Quelles sensations extraordinaires justifient de tels sacrifices ?En accordant une large place à leur parole, cet ouvrage propose une immersion originale dans l’univers de ces virtuoses du corps que sont les athlètes. Il interroge leur rapport contradictoire à la douleur, leur habilité exceptionnelle à repousser les limites et plus largement le rôle essentiel de l’apprentissage sensoriel dans la construction de l’individu. | ||
| 856 | 4 | 1 | _uhttps://shs.cairn.info/dans-la-peau-d-un-athlete--9782200287559?lang=fr&redirect-ssocas=7080 |
| 999 |
_c1568769 _d1568769 |
||